Hráčky Olympie obhájili titul v najvyššej ženskej vodnopólovej súťaži neprehrali Košičanky v tejto sezóne ani raz

Bibliographic Details
Main Author: Kozáček, Matúš (Author)
Format: Article
Language:Slovak
PhysicalDescription:Fotografie
ISSN:1339-7605
Subjects:
Online Access:https://kosicednes.sk/vodne-sporty/vodne-polistky-sk-olympia-sg-kosice-obhajili-titul/

MARC

LEADER 00000nab a2200000u 4500
001 vtls011757330
003 SK-MaSNL
005 20260303202840.0
008 180521|20180518xo ||||||| ||00 ||slo|
038 |a KEVKJB 
040 |a KEVKJB  |b slo  |e rda 
041 0 |a slo 
043 |a e-xo--- 
044 |a xo  |c SK 
072 7 |a 797  |x Vodné športy. Letecké športy  |2 konspekt 
080 |a 797.253  |2 2011 
100 1 |a Kozáček, Matúš  |4 aut  |9 1086405 
245 1 0 |a Hráčky Olympie obhájili titul  |b v najvyššej ženskej vodnopólovej súťaži neprehrali Košičanky v tejto sezóne ani raz  |c Matúš Kozáček 
300 |b Fotografie 
336 |a text  |b txt  |2 rdacontent 
337 |a bez média  |b n  |2 rdamedia 
338 |a zväzok  |b nc  |2 rdacarrier 
610 2 7 |a ŠK Olympia Košice  |2 kevkjb  |9 1234779 
650 0 7 |a vodné pólo  |2 kevkjb  |9 3219 
651 7 |a Košice (Slovensko)  |2 kevkjb  |9 18694 
773 0 |t KOŠICE:DNES  |g Roč. 5, č. 95 (18.5.2018), s. 15  |x 1339-7605 
852 |a KEVKJB  |b KIS3GCP 
856 4 1 |u https://kosicednes.sk/vodne-sporty/vodne-polistky-sk-olympia-sg-kosice-obhajili-titul/ 
999 |c 2182213  |d 2184143